=LDR 00000nam 2200000 4500 =001 INLIS000000000051101 =005 20200903103739 =035 ##$$a 0010-0817000284 =007 ta =008 200903################g##########e#ind## =020 ##$$a 978.602.1142.06-6 =082 ##$$a 302.2 =084 ##$$a 302.2 RIC j =100 #$$a Richard Denny =245 1#$$a Jurus maut komunikasi : $b Kiat ampuh dan paling efektif dalam berkomunikasi /$c Richard Denny =250 ##$$a cet. 1 =260 ##$$a Yogyakarta :$b Bright Publishier,$c 2015 =300 ##$$a 180 hlm. ; $c 13 x 20 cm =650 #4$$a Komunikasi =990 ##$$a 21702950 =990 ##$$a 21702949 =990 ##$$a 21702948 =990 ##$$a 21702947 =990 ##$$a 21702946 =990 ##$$a 21702950 =990 ##$$a 21702949 =990 ##$$a 21702948 =990 ##$$a 21702947 =990 ##$$a 21702946 =990 ##$$a 21702946 =990 ##$$a 21702950 =990 ##$$a 21702949 =990 ##$$a 21702948 =990 ##$$a 21702947 =990 ##$$a 21702948 =990 ##$$a 21702950 =990 ##$$a 21702949 =990 ##$$a 21702947 =990 ##$$a 21702946